[Event "DRAGHIEN  II"]
[Site "SchemingMind.com"]
[Date "2016.04.14"]
[Round "-"]
[White "Scooter"]
[Black "Quaff"]
[Result "1-0"]
[WhiteCountry "USA"]
[BlackCountry "ENG"]
[WhiteElo "1761"]
[WhiteRD "49"]
[BlackElo "1615"]
[BlackRD "62"]
[GameID "397893"]

1. d4 c6 2. Nf3 h6 3. Bf4 d5 4. e3 e6 5. Be2 Bd6 6. Bxd6 Qxd6 7. c3 Nf6 8. O-O O-O 9. Nbd2 Nh7 10. e4 Nd7
11. e5 Qe7 12. Re1 f5 13. b3 Re8 14. g3 Ndf8 15. c4 Ng6 16. cxd5 cxd5 17. Bb5 Bd7 18. Bxd7 Qxd7 19. Rc1 Rac8 20. Qe2 Qe7
21. Nb1 a6 22. Qd2 Rxc1 23. Rxc1 Qd7 24. Nc3 b5 25. b4 Rc8 26. Ne2 Rc4 27. Rxc4 dxc4 28. Nc3 Ne7 29. Nh4 Ng5 30. f4 Nh7
31. Ng2 Qb7 32. Ne3 g6 33. d5 Qd7 34. d6 Nc6 35. a3 Na7 36. Qd4 g5 37. Qb6 gxf4 38. gxf4 Nc6 39. Qxa6 Nd4 40. a4 bxa4
41. Nxc4 Qg7+ 42. Kf2 Qg4 43. Qa8+ Kf7 44. Qb7+ Kg6 45. Qg2 Qxg2+ 46. Kxg2 Nc6 47. b5 Nb8 48. Nxa4 Nf8 49. b6 Nfd7 50. b7 Nc6
51. Ncb6 Nxb6 52. Nxb6 Kf7 53. Nd7 Ke8 54. b8=Q+ Nxb8 55. Nxb8 Kd8 56. d7 h5 57. Kh3
1-0

[Event "DRAGHIEN  II"]
[Site "SchemingMind.com"]
[Date "2016.04.15"]
[Round "-"]
[White "Quaff"]
[Black "Scooter"]
[Result "0-1"]
[WhiteCountry "ENG"]
[BlackCountry "USA"]
[WhiteElo "1612"]
[WhiteRD "58"]
[BlackElo "1731"]
[BlackRD "47"]
[GameID "397894"]

1. e4 c6 2. f4 d5 3. e5 Bf5 4. Nf3 e6 5. c3 Nd7 6. d4 c5 7. Be3 cxd4 8. cxd4 Bb4+ 9. Nc3 Ne7 10. Bb5 a6
11. Bxd7+ Qxd7 12. O-O O-O 13. a3 Bxc3 14. bxc3 Rac8 15. Bd2 Bg4 16. Qc2 Bxf3 17. Rxf3 Nf5 18. g3 Nxd4
0-1

[Event "DRAGHIEN  II"]
[Site "SchemingMind.com"]
[Date "2016.05.14"]
[Round "-"]
[White "emvarela"]
[Black "fu_manchu"]
[Result "1-0"]
[WhiteCountry "ARG"]
[BlackCountry "CAN"]
[WhiteElo "1712"]
[WhiteRD "48"]
[BlackElo "1845"]
[BlackRD "69"]
[GameID "399230"]

1. e4 e6 2. d4 d5 3. Nc3 Bb4 4. e5 c5 5. a3 Bxc3+ 6. bxc3 Ne7 7. Qg4 O-O 8. Bg5 cxd4 9. Bxe7 Qxe7 10. Qxd4 Nc6
11. Qd2 Nxe5 12. Be2 Nc4 13. Bxc4 dxc4 14. Nf3 f5 15. O-O Bd7 16. Rfe1 Rad8 17. Ne5 b5 18. Nxd7 Rxd7 19. Qe3 Re8 20. Qe5 a6
21. a4 Rd5 22. Qxd5 exd5 23. Rxe7 Rxe7 24. axb5 axb5 25. Kf1 Kf7 26. Ra5 Rb7 27. f4 g6 28. Kf2 Ke6 29. Ke3 b4 30. cxb4 Rxb4
31. Ra6+ Kf7 32. g3 Rb7 33. Rd6 Rc7 34. Rxd5 Kg7 35. Kd4 Kh6 36. h3 Ra7 37. Kxc4 Ra1 38. Rd3 Rh1 39. h4 Kh5 40. Kd4
1-0

[Event "DRAGHIEN  II"]
[Site "SchemingMind.com"]
[Date "2016.05.14"]
[Round "-"]
[White "fu_manchu"]
[Black "emvarela"]
[Result "0-1"]
[WhiteCountry "CAN"]
[BlackCountry "ARG"]
[WhiteElo "1837"]
[WhiteRD "70"]
[BlackElo "1728"]
[BlackRD "49"]
[GameID "399231"]

1. d4 Nf6 2. c4 g6 3. Nf3 Bg7 4. Nc3 O-O 5. e4 d6 6. Be2 e5 7. dxe5 dxe5 8. Qxd8 Rxd8 9. O-O Bg4 10. h3 Bxf3
11. Bxf3 c6 12. Bg5 h6 13. Bh4 g5 14. Bg3 Nbd7 15. h4 g4 16. Be2 h5 17. b4 Nf8 18. f4 exf4 19. Bxf4 N6h7 20. Rac1 Bxc3
21. Rxc3 Ne6 22. Bg3 Rd2 23. Bd1 Rad8 24. Bb3 Nd4 25. Kh2 Nxb3 26. axb3 R2d3 27. Rfc1 Nf6 28. Rxd3 Rxd3 29. Re1 Rxb3 30. e5 Nd7
31. e6 fxe6 32. Rxe6 Rxb4 33. Rh6 Rxc4 34. Rxh5 Nf6 35. Rf5 Nd5 36. h5 Ne3 37. Rf6 Nd5 38. Rf5 a5 39. Rg5+ Kh7 40. Be5 Kh6
41. Rg7 Kxh5 42. Rxb7 a4 43. Ra7 Ne3 44. Ra5 c5 45. Bd6 g3+ 46. Bxg3 Nf1+ 47. Kh3 Rc3 48. Rxa4 Rxg3#
0-1

[Event "DRAGHIEN  II"]
[Site "SchemingMind.com"]
[Date "2016.05.29"]
[Round "-"]
[White "berns"]
[Black "MathiasNowak"]
[Result "1-0"]
[WhiteCountry "ENG"]
[BlackCountry "INT"]
[WhiteElo "1712"]
[WhiteRD "88"]
[BlackElo "1292"]
[BlackRD "120"]
[GameID "399730"]

1. d4 Nf6 2. Nf3 d5 3. b3 c5 4. c3 cxd4 5. Qxd4 Nc6 6. Qa4 Bd7 7. e3 e5 8. b4 Nxb4 9. Bb5 Nd3+ 10. Ke2 e4
11. Bxd7+ Nxd7 12. Nd4 Qh4 13. g3 Qh5+ 14. Kd2
1-0

[Event "DRAGHIEN  II"]
[Site "SchemingMind.com"]
[Date "2016.05.28"]
[Round "-"]
[White "MathiasNowak"]
[Black "berns"]
[Result "0-1"]
[WhiteCountry "INT"]
[BlackCountry "ENG"]
[WhiteElo "1292"]
[WhiteRD "120"]
[BlackElo "1712"]
[BlackRD "88"]
[GameID "399731"]

1. e4 b6 2. d4 d6 3. Nf3 Bb7 4. Bb5+ c6 5. Bd3 g6 6. O-O Bg7 7. e5 dxe5 8. dxe5 Nd7 9. Qe2 e6 10. Bf4 c5
11. Nc3 Bxf3 12. Qxf3 Bxe5 13. Bb5 Bxf4 14. Qxf4 Nf6
0-1

[Event "DRAGHIEN  II"]
[Site "SchemingMind.com"]
[Date "2016.06.07"]
[Round "-"]
[White "YourMove"]
[Black "echecs"]
[Result "0-1"]
[WhiteCountry "USA"]
[BlackCountry "ENG"]
[WhiteElo "1387"]
[WhiteRD "233"]
[BlackElo "1841"]
[BlackRD "63"]
[GameID "400139"]

1. e4 e5 2. Nf3 Nc6 3. d4 exd4 4. Nxd4 d6 5. c4 Nf6 6. Nc3 Bd7 7. Be2 Be7 8. O-O O-O 9. Be3 a6 10. f4 Re8
0-1

[Event "DRAGHIEN  II"]
[Site "SchemingMind.com"]
[Date "2016.06.14"]
[Round "-"]
[White "maro"]
[Black "Holty"]
[Result "0-1"]
[WhiteCountry "MEX"]
[BlackCountry "ENG"]
[WhiteElo "1382"]
[WhiteRD "63"]
[BlackElo "1785"]
[BlackRD "65"]
[GameID "400343"]

1. e4 e6 2. Nc3 d5 3. d4 Nf6 4. e5 Nfd7 5. Nf3 c5 6. dxc5 Nc6 7. Nb5 Bxc5 8. Bg5 f6 9. exf6 Nxf6 10. Bf4 Ne4
11. Nc7+ Kd7 12. Nxa8 Nxf2 13. Qd2 Nxh1 14. Ne5+ Nxe5 15. Bxe5 Qh4+ 16. g3 Qe4+ 17. Qe2 Qxe2+ 18. Bxe2 Rg8 19. Bb5+ Ke7 20. Nc7 a6
21. Bd3 g6 22. Ke2 Nf2 23. Rf1 Rf8 24. Ke1 Nxd3+ 25. cxd3 Rxf1+ 26. Kxf1 Bd6 27. Bxd6+ Kxd6 28. Ne8+ Ke7 29. Ng7 Kf7 30. Nh5 gxh5
31. h4 e5
0-1

[Event "DRAGHIEN  II"]
[Site "SchemingMind.com"]
[Date "2016.06.14"]
[Round "-"]
[White "Holty"]
[Black "maro"]
[Result "1-0"]
[WhiteCountry "ENG"]
[BlackCountry "MEX"]
[WhiteElo "1768"]
[WhiteRD "61"]
[BlackElo "1402"]
[BlackRD "60"]
[GameID "400344"]

1. d4 d5 2. Nf3 Nc6 3. e3 e6 4. c4 dxc4 5. Bxc4 Be7 6. Nc3 a6 7. O-O Nf6 8. a3 O-O 9. b4 b5 10. Bd3 Bb7
11. Bb2 Qd6 12. Re1 Qd7 13. Qc2 g6 14. Rac1 Bd6 15. Red1 Rfe8 16. Ne4 Nxe4 17. Bxe4 Rec8 18. Bxc6 Bxc6 19. Qxc6 Qe7 20. g3 Rab8
21. Qc3 c6 22. d5 exd5 23. Qg7#
1-0

[Event "DRAGHIEN  II"]
[Site "SchemingMind.com"]
[Date "2016.06.19"]
[Round "-"]
[White "Michal Drus"]
[Black "Chessibelle"]
[Result "0-1"]
[WhiteCountry "POL"]
[BlackCountry "ENG"]
[WhiteElo "1459"]
[WhiteRD "83"]
[BlackElo "1152"]
[BlackRD "65"]
[GameID "400602"]

1. d4 d5 2. c4 Nf6 3. Nf3 Nc6 4. Nc3 e6 5. Bg5 Be7 6. c5 O-O 7. Qd2 b6 8. g3 bxc5 9. Bxf6 Bxf6 10. e3 Bd7
11. O-O-O e5 12. dxe5 Nxe5 13. Nxe5 c6 14. Nxd7 Qxd7 15. e4 Bd4 16. exd5 cxd5 17. Nb5 Be5 18. a4 Rfd8 19. Bg2 Rac8 20. Bxd5 Qe7
21. Nxa7 Qxa7 22. Bxf7+ Kxf7 23. Qg5 Bf6 24. Qh5+ Kg8 25. Rd2 Qxa4 26. Rhd1 Qa1+ 27. Kc2 Qxb2#
0-1

[Event "DRAGHIEN  II"]
[Site "SchemingMind.com"]
[Date "2016.06.19"]
[Round "-"]
[White "Chessibelle"]
[Black "Michal Drus"]
[Result "0-1"]
[WhiteCountry "ENG"]
[BlackCountry "POL"]
[WhiteElo "1152"]
[WhiteRD "66"]
[BlackElo "1488"]
[BlackRD "78"]
[GameID "400603"]

1. Nf3 c5 2. Nc3 Nc6 3. d3 e6 4. e3 Nf6 5. Be2 g6 6. O-O Bg7 7. Bd2 O-O 8. d4 cxd4 9. exd4 a6 10. a3 Qc7
11. Qc1 Re8 12. Bf4 e5 13. Be3 Ng4 14. Bg5 f5 15. b3 e4 16. Nd2 Qxh2#
0-1

[Event "DRAGHIEN  II"]
[Site "SchemingMind.com"]
[Date "2016.06.20"]
[Round "-"]
[White "Wojtek26"]
[Black "Clive Everill"]
[Result "0-1"]
[WhiteCountry "POL"]
[BlackCountry "CZE"]
[WhiteElo "1603"]
[WhiteRD "51"]
[BlackElo "1675"]
[BlackRD "55"]
[GameID "400618"]

1. d4 f5 2. Nf3 Nf6 3. e3 e6 4. Bc4 d6 5. O-O Be7 6. d5 e5 7. Nc3 Bd7 8. Re1 O-O 9. e4 f4 10. Bb5 c6
11. dxc6 bxc6 12. Bc4+ Kh8 13. Ng5 d5 14. exd5 Nxd5 15. Nxd5 Bxg5 16. Nc3 Qc7 17. Qh5 h6 18. Bd3 Bf5 19. Bxf5 Rxf5 20. h4 Nd7
21. hxg5 Rxg5 22. Qf3 Rf8 23. Ne4 Rgf5 24. b3 Nb6 25. Nc5 Qe7 26. Qxc6 Rh5 27. Nd3 Qh4 28. Qd6 Qh1#
0-1

[Event "DRAGHIEN  II"]
[Site "SchemingMind.com"]
[Date "2016.06.20"]
[Round "-"]
[White "Clive Everill"]
[Black "Wojtek26"]
[Result "1-0"]
[WhiteCountry "CZE"]
[BlackCountry "POL"]
[WhiteElo "1675"]
[WhiteRD "55"]
[BlackElo "1603"]
[BlackRD "51"]
[GameID "400619"]

1. e4 e5 2. f4 exf4 3. Nf3 Bc5 4. d4 Bb6 5. Bxf4 d6 6. Bc4 Nf6 7. Nc3 O-O 8. O-O Bg4 9. Qd3 Nc6 10. Be3 Re8
11. a3 Na5 12. Ba2 c5 13. dxc5 Bxc5 14. Rad1 Bxe3+ 15. Qxe3 Be6 16. b3 a6 17. e5 Ng4 18. Qf4 dxe5 19. Nxe5 Qc8 20. Na4 Nxe5
21. Qxe5 Bxb3 22. Qxa5 Bxa2 23. Nb6 Qc7 24. Rd7 Qe5 25. Qxe5 Rxe5 26. Nxa8 Re8 27. Nb6 Rb8 28. Rfd1
1-0

[Event "DRAGHIEN  II"]
[Site "SchemingMind.com"]
[Date "2016.06.24"]
[Round "-"]
[White "ray winteringham"]
[Black "Geoffrey Rosser"]
[Result "0-1"]
[WhiteCountry "ENG"]
[BlackCountry "ENG"]
[WhiteElo "1490"]
[WhiteRD "52"]
[BlackElo "1954"]
[BlackRD "75"]
[GameID "400762"]

1. e4 e5 2. Nf3 Nc6 3. Be2 f5 4. Nc3 Nf6 5. exf5 d5 6. d4 Bxf5 7. dxe5 Nd7 8. Nxd5 Ncxe5 9. Bf4 Bd6 10. O-O c6
11. Nxe5 Nxe5 12. Ne3 Bg6 13. Bxe5 Bxe5 14. Qxd8+ Kxd8 15. Rfd1+ Kc7 16. c3 Rhe8 17. Bf3 h6 18. g3 Rad8 19. Re1 Bf7 20. Rab1 Rd2
21. Red1 Bxa2 22. Ra1 Rxb2 23. Nf5 Bxc3 24. Rac1 Bf6 25. Bg4 Rd8 26. Rxd8 Bxd8 27. Nxg7 Bf6 28. Nf5 a5 29. h4 a4 30. Nxh6 Rb1
31. Rxb1 Bxb1 32. Be6 a3 33. Ng4 Bg7 34. Ne3 Kd6 35. Bb3 a2 36. Bxa2 Bxa2 37. Nf5+ Ke5 38. Nxg7 Bf7 39. h5 b5 40. h6 Bg6
41. g4 b4 42. Nh5 b3 43. f4+ Kd6 44. f5 Bxf5 45. gxf5 b2 46. h7 b1=Q+ 47. Kg2 Qb8 48. f6 Qh8 49. f7 Ke7
0-1

[Event "DRAGHIEN  II"]
[Site "SchemingMind.com"]
[Date "2016.06.23"]
[Round "-"]
[White "Geoffrey Rosser"]
[Black "ray winteringham"]
[Result "1-0"]
[WhiteCountry "ENG"]
[BlackCountry "ENG"]
[WhiteElo "1872"]
[WhiteRD "87"]
[BlackElo "1505"]
[BlackRD "53"]
[GameID "400763"]

1. e4 c5 2. Nc3 d6 3. Bb5+ Bd7 4. Nf3 h6 5. d4 Qa5 6. Bxd7+ Nxd7 7. O-O g5 8. Bd2 Qc7 9. Re1 O-O-O 10. Nb5 Qb6
11. a4 a6 12. dxc5 Nxc5 13. Nbd4 Qxb2 14. Rb1 Qa3 15. a5 Qa4 16. Rb4 Qd7 17. Qb1 e5 18. Nb3 Qc7 19. Be3 d5 20. exd5 Bd6
21. Bxc5 Bxc5 22. Nxc5 Qxc5 23. Rxb7 Qxa5 24. Rb8+ Kd7 25. Nxe5+ Kd6 26. Nxf7+ Kxd5 27. Re5+
1-0

[Event "DRAGHIEN  II"]
[Site "SchemingMind.com"]
[Date "2016.06.27"]
[Round "-"]
[White "Wojciech  Langer"]
[Black "cnile"]
[Result "1-0"]
[WhiteCountry "INT"]
[BlackCountry "SCO"]
[WhiteElo "1672"]
[WhiteRD "91"]
[BlackElo "1508"]
[BlackRD "68"]
[GameID "400907"]

1. g3 d5 2. Bg2 Nf6 3. Nf3 e6 4. O-O Bd6 5. d3 b6 6. Re1 Bb7 7. Nbd2 Nbd7 8. e4 dxe4 9. dxe4 e5 10. c3 O-O
11. b4 Re8 12. a4 Nf8 13. Qc2 Ng6 14. Nc4 Bf8 15. Bg5 Bd6 16. Rad1 h6 17. Bh4 Qe7 18. Bxf6 Qxf6 19. Rd3 Rad8 20. Nxd6 Rxd6
21. Rxd6 cxd6 22. c4 Ne7 23. Nd2 Rc8 24. b5 Qe6 25. f3 Ng6 26. Qd3 Ne7 27. Rf1 Rd8 28. f4 Kh8 29. f5 Qd7 30. g4 f6
31. h4 Qc7 32. Rf3 Qc5+ 33. Qe3 Qb4 34. g5 Ng8 35. gxf6 Nxf6 36. Rg3 Qxa4 37. Kh2 Qc2 38. Kh3 Nh5 39. Rg4 Nf6 40. Rxg7 Rg8
41. Qxh6+ Nh7 42. Qxh7#
1-0

[Event "DRAGHIEN  II"]
[Site "SchemingMind.com"]
[Date "2016.06.27"]
[Round "-"]
[White "cnile"]
[Black "Wojciech  Langer"]
[Result "0-1"]
[WhiteCountry "SCO"]
[BlackCountry "INT"]
[WhiteElo "1508"]
[WhiteRD "68"]
[BlackElo "1672"]
[BlackRD "91"]
[GameID "400908"]

1. e4 c5 2. Nc3 Nc6 3. Nge2 g6 4. g3 Bg7 5. Bg2 d6 6. O-O Nd4 7. d3 e6 8. Be3 e5 9. f4 Bg4 10. h3 Be6
11. fxe5 dxe5 12. g4 Qd7 13. Kh1 Nf6 14. a3 h6 15. Qd2 g5 16. Bf2 a6 17. Ng3 b5 18. Bg1 Ke7 19. Nf5+ Bxf5 20. exf5 Rab8
21. Rae1 Kd6 22. Bh2 Nc6 23. Ne4+ Nxe4 24. dxe4+ Kc7 25. Qxd7+ Kxd7 26. Rd1+ Kc7 27. c3 Rbd8 28. b4 Rxd1 29. Rxd1 cxb4 30. cxb4 Rd8
31. Rxd8 Nxd8 32. Bg1 Nc6 33. Bf3 Nd4 34. Bxd4 exd4 35. Kg1 Kd6 36. Kf2 Ke5 37. Ke2 Kf4 38. Bh1 Be5 39. Kf2 d3 40. Ke1 Kg3
41. Kd2 Kxh3 42. Kxd3 Kxg4 43. Bf3+ Kf4 44. Bh1 f6 45. Bg2 h5 46. Bf1 h4 47. Be2 g4 48. Bf1 h3
0-1

[Event "DRAGHIEN  II"]
[Site "SchemingMind.com"]
[Date "2016.07.18"]
[Round "-"]
[White "Phillip Beckett"]
[Black "Clive Everill"]
[Result "0-1"]
[WhiteCountry "ENG"]
[BlackCountry "CZE"]
[WhiteElo "1549"]
[WhiteRD "51"]
[BlackElo "1706"]
[BlackRD "55"]
[GameID "401611"]

1. e4 d6 2. d4 Nf6 3. Nc3 e5 4. dxe5 dxe5 5. Qxd8+ Kxd8 6. Bg5 Be6 7. O-O-O+ Nd7 8. f3 c6 9. Nge2 Be7 10. Kb1 h6
11. Be3 Kc7 12. Nc1 Bb4 13. Bd2 a5 14. a3 Bd6 15. Be2 Nc5 16. Be3 b5 17. Nd3 Na6 18. Rhe1 b4 19. axb4 axb4 20. Na4 c5
21. Naxc5 Bxc5 22. Bxc5 Nxc5 23. Nxc5 Ba2+ 24. Kc1 Be6 25. Nxe6+ fxe6 26. Kd2 Rhd8+ 27. Bd3 Nh5 28. Ke2 Nf4+ 29. Kf2 Ra2 30. Bc4 Rxb2
31. Rxd8 Rxc2+ 32. Kf1 Kxd8 33. Bb3 Rxg2 34. Rd1+ Ke7 35. Ra1 Rxh2 36. Ra7+ Kf6 37. Ra8 Rh1+ 38. Kf2 Rb1 39. Bc4 b3 40. Rb8 Rb2+
41. Kg3 Rg2+ 42. Kh4 g5#
0-1

[Event "DRAGHIEN  II"]
[Site "SchemingMind.com"]
[Date "2016.07.22"]
[Round "-"]
[White "Clive Everill"]
[Black "Phillip Beckett"]
[Result "1-0"]
[WhiteCountry "CZE"]
[BlackCountry "ENG"]
[WhiteElo "1716"]
[WhiteRD "55"]
[BlackElo "1562"]
[BlackRD "52"]
[GameID "401612"]

1. Nf3 Nf6 2. c4 e6 3. g3 d5 4. Bg2 Be7 5. O-O c6 6. d4 Nbd7 7. Qc2 O-O 8. Nbd2 Re8 9. Rd1 Nf8 10. e4 dxe4
11. Nxe4 Ng6 12. h4 Nxe4 13. Qxe4 Bf6 14. h5 Ne7 15. Be3 Bd7 16. Bg5 Nc8 17. Bxf6 Qxf6 18. Bf1 Nd6 19. Qe3 Nf5 20. Qb3 Nh6
21. Ne5 Bc8 22. Rd3 c5 23. Qb5 Rd8 24. Qxc5 b6 25. Qa3 Qg5 26. Be2 Nf5 27. f4 Qe7 28. Qc3 Bb7 29. Rad1 Be4 30. R3d2 Rac8
31. g4 Nd6 32. Qh3 f6 33. c5 bxc5 34. dxc5 Nb7 35. Nc4 Rxd2 36. Rxd2 Qxc5+ 37. Kf1 Rd8 38. Rxd8+ Nxd8 39. Qb3 Nc6 40. Qb7 Qd5
41. Qa8+ Nd8 42. Qxa7 Bh1 43. Ne3 Qe4 44. Qb6 Nc6 45. f5 exf5 46. gxf5 Qf4+ 47. Kg1 Bf3 48. Bc4+ Kf8 49. Qc5+ Ke8 50. Bb5 Qg3+
51. Kf1 Qc7 52. Nd5 Bxd5 53. Qxd5 Qf4+ 54. Ke2 Qg4+ 55. Kd3 Qg3+ 56. Kc2 Qf2+ 57. Kb3 Qe3+ 58. Kc4 Qc1+ 59. Kb3 Qe3+ 60. Qd3 Qc5
61. Qe4+ Kd7 62. Qe6+ Kc7 63. Bxc6 Qb6+ 64. Kc3 Qc5+ 65. Kd3
1-0

[Event "DRAGHIEN  II"]
[Site "SchemingMind.com"]
[Date "2016.07.26"]
[Round "-"]
[White "kenneth m day"]
[Black "echecs"]
[Result "0-1"]
[WhiteCountry "USA"]
[BlackCountry "ENG"]
[WhiteElo "1705"]
[WhiteRD "56"]
[BlackElo "1819"]
[BlackRD "76"]
[GameID "401735"]

1. e4 e5 2. f4 exf4 3. Nf3 g5 4. h4 g4 5. Ne5 h5 6. Bc4 Nh6 7. d4 d6 8. Bxf4 dxe5 9. Bxe5 Rg8 10. Nc3 Bd6
11. Qd2 Bxe5 12. O-O-O Bg7 13. g3 Nc6 14. Qf4 Qe7 15. Nd5 Qd6 16. Nxc7+ Kd7 17. Nxa8 Qxf4+ 18. gxf4 b6 19. Nxb6+ axb6 20. e5 Rf8
21. Bb5 Kc7 22. d5 Na7 23. d6+ Kd8 24. Ba4 Be6 25. c3 Nf5 26. Rd2 Bh6 27. Kc2 Bxf4 28. Rd3 Bxe5 29. d7 g3 30. Re1 g2
31. Rdd1 Bf6 32. Re2 b5 33. Bb3 Bxd7 34. Red2 Ne3+
0-1

[Event "DRAGHIEN  II"]
[Site "SchemingMind.com"]
[Date "2016.07.27"]
[Round "-"]
[White "echecs"]
[Black "kenneth m day"]
[Result "1-0"]
[WhiteCountry "ENG"]
[BlackCountry "USA"]
[WhiteElo "1819"]
[WhiteRD "76"]
[BlackElo "1705"]
[BlackRD "56"]
[GameID "401736"]

1. e4 e5 2. Nf3 Nc6 3. Bc4 Nf6 4. Ng5 d5 5. exd5 Na5 6. Bb5+ Bd7 7. Qe2 Be7 8. Bxd7+ Qxd7 9. Qxe5 Nc4 10. Qf4 Nd6
11. Nc3 O-O 12. O-O h6 13. Nf3 Nf5 14. d3 Bd6 15. Qc4 a6 16. Ne4 Be7 17. Ne5 Qc8 18. Bd2 Nxe4 19. dxe4 Nd6 20. Qe2 Bf6
21. f4 Re8 22. Bc3 c6 23. dxc6 bxc6 24. Qd3 Nb5 25. Nc4 Nxc3 26. bxc3 Be7 27. Kh1 Rb8 28. e5 Bc5 29. a4 Qg4 30. Na5 Qc8
31. Qc4 Bb6 32. Nb3 Be3 33. Rae1 Bb6 34. Nc1 Qb7 35. f5 a5 36. f6 g6 37. Qf4 Kh7 38. Nd3 Qc8 39. Rf3 Qe6 40. Rh3 h5
41. Qe4 Bc7 42. Rxh5+ Kg8 43. Nc5 Qd5 44. Rh8+ Kxh8 45. Qh4+ Kg8 46. Qh6
1-0

[Event "DRAGHIEN  II"]
[Site "SchemingMind.com"]
[Date "2016.08.03"]
[Round "-"]
[White "Geoffrey Rosser"]
[Black "Scooter"]
[Result "1-0"]
[WhiteCountry "ENG"]
[BlackCountry "USA"]
[WhiteElo "1954"]
[WhiteRD "75"]
[BlackElo "1738"]
[BlackRD "54"]
[GameID "402135"]

1. e4 c6 2. d4 d5 3. Nc3 dxe4 4. Nxe4 Bf5 5. Nc5 b6 6. Nb3 Nf6 7. Nf3 h6 8. Be2 Nbd7 9. O-O Qc7 10. Re1 O-O-O
11. Ba6+ Kb8 12. Qe2 g5 13. c3 Bg4 14. Bd3 e6 15. Be4 Nxe4 16. Qxe4 Bxf3 17. Qxf3 f6 18. Rxe6 c5 19. Rc6 Qb7 20. Qg3+ Ka8
21. Rc7 Qe4 22. Be3 f5 23. Rxa7+ Kxa7 24. Qc7+
1-0

[Event "DRAGHIEN  II"]
[Site "SchemingMind.com"]
[Date "2016.08.03"]
[Round "-"]
[White "Scooter"]
[Black "Geoffrey Rosser"]
[Result "1-0"]
[WhiteCountry "USA"]
[BlackCountry "ENG"]
[WhiteElo "1738"]
[WhiteRD "54"]
[BlackElo "1954"]
[BlackRD "75"]
[GameID "402136"]

1. d4 d5 2. Nf3 c5 3. c3 cxd4 4. cxd4 Nc6 5. e3 Nf6 6. Bd3 Bg4 7. a3 e5 8. dxe5 Nxe5 9. Bb5+ Nfd7 10. Bxd7+ Qxd7
11. Nxe5 Bxd1 12. Nxd7 Ba4 13. Nxf8 Rxf8 14. Nc3 Bc6 15. O-O Rd8 16. b4 Rd6 17. Rd1 a6 18. Rd4 Kd7 19. a4 b6 20. b5 Bb7
21. Ba3 Rc8 22. Bxd6 Rxc3 23. Be5 Rb3 24. Bxg7 axb5 25. axb5 Rxb5 26. e4 Ke6 27. exd5+
1-0

[Event "DRAGHIEN  II"]
[Site "SchemingMind.com"]
[Date "2016.08.14"]
[Round "-"]
[White "berns"]
[Black "Michal Drus"]
[Result "1-0"]
[WhiteCountry "ENG"]
[BlackCountry "POL"]
[WhiteElo "1643"]
[WhiteRD "79"]
[BlackElo "1445"]
[BlackRD "76"]
[GameID "402534"]

1. d4 d5 2. Nf3 Nf6 3. Nc3 Bg4 4. h3 Bh5 5. b3 e6 6. e3 Ne4 7. g4 Qh4 8. Nxh4 Nxc3 9. Qd3 Ne4 10. gxh5 Bb4+
11. Ke2 Nc6 12. Bg2 Bc3 13. Rb1 Bb4 14. Bxe4 dxe4 15. Qxe4 O-O-O 16. Bd2 g5 17. Bxb4 Nxb4 18. a3 gxh4 19. axb4 Rd5 20. Qd3 f5
21. f4 Kd7 22. Rhg1 Kd6 23. Rg7 b6 24. Qc3 Rc8 25. Rxh7
1-0

[Event "DRAGHIEN  II"]
[Site "SchemingMind.com"]
[Date "2016.08.14"]
[Round "-"]
[White "Michal Drus"]
[Black "berns"]
[Result "0-1"]
[WhiteCountry "POL"]
[BlackCountry "ENG"]
[WhiteElo "1445"]
[WhiteRD "76"]
[BlackElo "1643"]
[BlackRD "79"]
[GameID "402535"]

1. e4 c5 2. Nf3 Nc6 3. Bb5 a6 4. Bxc6 bxc6 5. Nc3 e6 6. d3 Nf6 7. Bg5 h6 8. Bh4 g5 9. Bg3 d5 10. e5 Nh5
11. O-O Nxg3 12. fxg3 Bg7 13. a4 f6 14. exf6 Bxf6 15. Qd2 Rb8 16. h4 Rxb2 17. hxg5 hxg5 18. Qf2 Qe7 19. Ra2 Qh7 20. Nh4 Rxa2
21. Nxa2 Be7 22. Nf3 Qh1#
0-1

[Event "DRAGHIEN  II"]
[Site "SchemingMind.com"]
[Date "2016.08.25"]
[Round "-"]
[White "Wojciech  Langer"]
[Black "Holty"]
[Result "1-0"]
[WhiteCountry "INT"]
[BlackCountry "ENG"]
[WhiteElo "1763"]
[WhiteRD "83"]
[BlackElo "1788"]
[BlackRD "65"]
[GameID "402775"]

1. Nf3 Nf6 2. g3 c6 3. Bg2 d5 4. d3 Bg4 5. O-O e6 6. Re1 Nbd7 7. Nbd2 Bd6 8. c3 O-O 9. Qc2 Rc8 10. b4 Qc7
11. e4 dxe4 12. dxe4 Ne5 13. Bb2 Nxf3+ 14. Nxf3 Bxf3 15. Bxf3 e5 16. Rad1 Rfe8 17. a3 b5 18. c4 c5 19. bxc5 Bxc5 20. cxb5 Qb6
21. Qe2 Qb7 22. Rc1 Qb6 23. Kg2 Ra8 24. Rc2 Rac8 25. Rec1 g6 26. a4 h5 27. h4 Rc7 28. a5 Qd6 29. Rd1 Qe7 30. Ba1 Rec8
31. Rdc1 Ba3 32. Rxc7 Rxc7 33. Rxc7 Qxc7 34. a6 Nd7 35. Bb2 Bd6 36. Qd1 f6 37. Qd5+ Kg7 38. Qb7 Qxb7 39. axb7 Nb8 40. Be2 Kf7
41. Bc4+ Ke7 42. Bc3 Kd7 43. Bd5 Bc7 44. f4 a6 45. bxa6 Nxa6 46. Kf3 Ke7 47. Bc4 Nb8 48. Bb4+ Bd6 49. Bxd6+ Kxd6 50. Bf7 Kc7
51. Bxg6 Kxb7 52. Bxh5 Nd7 53. Bf7 Kc7 54. h5 Kd8 55. h6 Nf8 56. f5 Nh7 57. Bg6 Ng5+ 58. Ke3 Ke7 59. h7 Nxh7 60. Bxh7 Kd6
61. Bg8 Ke7 62. Kf3 Kd6 63. Kg4 Ke7 64. Kh5 Kf8 65. Kg6
1-0

[Event "DRAGHIEN  II"]
[Site "SchemingMind.com"]
[Date "2016.08.25"]
[Round "-"]
[White "Holty"]
[Black "Wojciech  Langer"]
[Result "1-0"]
[WhiteCountry "ENG"]
[BlackCountry "INT"]
[WhiteElo "1788"]
[WhiteRD "65"]
[BlackElo "1763"]
[BlackRD "83"]
[GameID "402776"]

1. d4 f5 2. Bg5 Nf6 3. Nc3 d6 4. Nf3 Be6 5. e3 Nbd7 6. Bd3 c6 7. O-O Qc7 8. Re1 g6 9. h3 Bg7 10. Bxf6 Bxf6
11. Qd2 g5 12. e4 f4 13. Ne2 Nb6 14. e5 dxe5 15. dxe5 g4 16. hxg4 Bg7 17. Nxf4 Bxg4 18. Be2 Rd8 19. Qe3 Nd5 20. Nxd5 Rxd5
21. Bc4 Kd8 22. Bxd5 cxd5 23. Nd4 Bd7 24. c3 Rg8 25. e6 Be8 26. Rad1 a6 27. Nf5 Bh8 28. Rxd5+ Kc8 29. Qa7 Bf6 30. Qa8+ Qb8
31. Rd8+
1-0

[Event "DRAGHIEN  II"]
[Site "SchemingMind.com"]
[Date "2016.09.05"]
[Round "-"]
[White "Scooter"]
[Black "Clive Everill"]
[Result "1-0"]
[WhiteCountry "USA"]
[BlackCountry "CZE"]
[WhiteElo "1735"]
[WhiteRD "56"]
[BlackElo "1711"]
[BlackRD "57"]
[GameID "403335"]

1. d4 f5 2. Bf4 Nf6 3. e3 e6 4. Nf3 b6 5. Be2 Bb7 6. O-O Be7 7. Nbd2 O-O 8. h3 d6 9. c4 Nbd7 10. a3 c5
11. Ng5 Qc8 12. Nxe6 Re8 13. d5 h6 14. Bh5 Nxh5 15. Qxh5 Bf6 16. Qxf5 Bxb2 17. Ra2 Be5 18. Qg6 Re7 19. Bxh6 Qe8 20. Qxe8+ Raxe8
21. Bg5 Rf7 22. Bf4 Bxf4 23. Nxf4 Ne5 24. Ne6 Nd3 25. Ne4 Rd7 26. f4 Ba6 27. Rc2 b5 28. cxb5 Bxb5 29. Rb1 Ba6 30. Rb3 c4
31. Rbc3 Rb8 32. Nd2 Rb2 33. Nxc4 Rb1+ 34. Kh2 Ne1 35. Rc1 Rxc1 36. Rxc1 Nd3 37. Rc3 Nf2 38. Nd2 Nd1 39. Rc7 Rxc7 40. Nxc7 Bb7
41. e4 Nc3 42. Ne8 Ne2 43. Nxd6 Ba8 44. g3 Nd4 45. a4 Nc2 46. Nc8 a6 47. d6 Bc6 48. Ne7+
1-0